Yüklüyor......
Alternatives to Chemical Pesticides in pest Management
| Yazar: | |
|---|---|
| Materyal Türü: | Printed Book |
| Dil: | Undetermined English |
| Baskı/Yayın Bilgisi: |
Udaipru (Raj)
Agrotech Publishing Agency
2005
|
| Konular: |
| LEADER | 00890nam a2200277Ia 4500 | ||
|---|---|---|---|
| 008 | 140306s9999 xx 000 0 und d | ||
| 020 | |a 8183210120 | ||
| 041 | |a eng | ||
| 082 | |a 632.9 |b GUP | ||
| 100 | |a Gupta, HCL | ||
| 245 | |a Alternatives to Chemical Pesticides in pest Management | ||
| 260 | |a Udaipru (Raj) |b Agrotech Publishing Agency |c 2005 | ||
| 300 | |a 496 | ||
| 365 | |b 1400 | ||
| 650 | |a Biological control | ||
| 650 | |a Biopesticides | ||
| 650 | |a Fumigants | ||
| 650 | |a Hebicides | ||
| 650 | |a Insect bio-diversity | ||
| 650 | |a Insect Hormones | ||
| 650 | |a Insect pests , insecticides , pesticidal resistance | ||
| 650 | |a pesticide residues | ||
| 650 | |a Safe Storage | ||
| 942 | |2 ddc |c BK | ||
| 999 | |c 74153 |d 74153 | ||
| 952 | |0 0 |1 0 |2 ddc |4 0 |6 632_900000000000000_GUP |7 0 |9 80601 |a KAUACV |b KAUACV |d 2008-10-25 |g 1400.00 |o 632.9 GUP |p KAU_ACV-26872 |r 2014-03-22 |w 2014-03-22 |y BK | ||